000 00360cam a22001337a 4500
008 180718b1934 xxu||||| |||| 00| 0 eng d
082 _aB5x42 P412
100 _aPercy, Eustace
245 _aGovernment in transition
_cby Eustace Percy
260 _aLondon
_bMethuen
_c1934
300 _a243p
650 _aU.K.-economics conditions.
650 _aU.K.-Government
999 _c421884
_d421884